000 00356nam a2200133Ia 4500
008 240624s9999 xx 000 0 und d
041 _aeng
082 _a658.575 STR
100 _aSTRAUSS STEVEN D
245 _aBIG IDEA HOW BUSINESS INNOVATORS GET GRE
260 _c2002
_aNew Delhi
_bDearborn trade
300 _ax, : 229 : p. : cm. ; 25
365 _cRS
_b22.5
999 _c272
_d272